Sports Quiz

Random Sports or Basketball Quiz

Nba Most Minutes per Game Quiz Stats

 Plays Quiz not verified by Sporcle

Score 0/50 Timer 06:00
0 Plays Today
TEAM PLAYER % Correct
LACChris Paul
93.4%
MINKevin Love
90.2%
LALKobe Bryant
90.2%
OKCKevin Durant
88.5%
MIALeBron James
88.5%
CHIDerrick Rose
88.5%
CHILoul Deng
85.2%
ORLDwight Howard
85.2%
MEMMarc Gasol
83.6%
LALPau Gasol
83.6%
BOSRajon Rondo
82%
NJNDeron WIlliams
80.3%
OKCRussell Westbrook
80.3%
NYKCarmelo Anthony
80.3%
BOSRay Allen
78.7%
GSWMonta Ellis
77%
ATLJoe Johnson
77%
BOSPaul Pierce
77%
WASJohn Wall
75.4%
MIAChris Bosh
75.4%
LACBlake Griffin
73.8%
PORLaMarcus Aldridge
73.8%
MEMRudy Gay
72.1%
GSWDavid Lee
72.1%
ATLJosh Smith
72.1%
TEAM PLAYER % Correct
SACTyreke Evans
70.5%
NYKAmar'e Stoudemire
70.5%
SASTony Parker
68.9%
PHIAndre Iguodala
67.2%
MINRicky Rubio
65.6%
MILBrandon Jennings
63.9%
TORAndrea Bargnani
62.3%
MRMMike Conley
62.3%
TORJose Calderon
62.3%
PORGerald Wallace
60.7%
INDDanny Granger
60.7%
HOUKyle Lowry
57.4%
TORDeMar DeRozan
57.4%
DENTy Lawson
57.4%
PHIJrue Holiday
55.7%
NOHJarrett Jack
54.1%
NYKTyson Chandler
50.8%
INDDarren Collison
49.2%
NOHTrevor Ariza
47.5%
NJNKris Humphries
45.9%
DETTayshaun Prince
45.9%
LALAndrew Bynum
37.7%
CHAGerald Henderson
29.5%
NOHEric Gordon
8.2%
MEMMarcus Thornton
8.2%

You're not logged in!

Compare scores with friends on all Sporcle quizzes.
OR
Log In

Show Comments

Extras

Top Quizzes Today


Score Distribution

Your Account Isn't Verified!

In order to create a playlist on Sporcle, you need to verify the email address you used during registration. Go to your Sporcle Settings to finish the process.

Report this User

Report this user for behavior that violates our Community Guidelines.

Details: